000 00317nam a22001337a 4500
008 170512b xxu||||| |||| 00| 0 eng d
020 _a0691003548
041 _aeng
080 _a94
100 _a16
101 _aSHH
245 _aA MONETARY HISTORY OF THE UNITED STATES ,1867-1960
_cFRIEDMAN, M
942 _2udc
_cBK
999 _c13283
_d13283